00313pab a2200121 454500008004000000100002100040245006000061260000900121300001300130362001200143650001000155773002600165180718b2010 xxu||||| |||| 00| 0 eng d aKaur, Inderpreet aPlea bargaining: A new trend in criminal justice system c2010 ap.80-87. aOct-Dec aCrime aIndian Police Journal